00376nam a22001097a 4500040000900000082001200009100002700021110004800048245011100096260004400207650001500251 cNUST a200 THE aMuhammad Hamza Qureshi aSupervised by Prof. Dr. Mohsin Islam Tiwana aTH-SOF-2053-Dataset Collection and Mechanism Design for Semi-Automation of Prosthetic Pneumatic Knee Joint aISLAMABAD:bNUST COLLEGE OF EME,c2022. aMS-MTS-18